1188 1809 1743 1366 1232 1819 1074 1543 1539 1242 1498 1012 1627 1943 1137 1696 1286 1308 1674 1876 1122 1992 1848 1569 1124 1475 1094 1855 1262 1170 1742 1726 1370 1055 1708 1950 1625 1028 1476 1859 1408 1223 1822 1224 1875 1483 1260 1643 1241 1675 1630 1781 1565 1726 1406 1642 1918 1317 1942 1823 1937 1432 1514 1828 1774 1705 1126 1657 1294 1733 1967 1514 1238 1623 1373 1996 1752 1506 1503 1021 1836 1680 1212 1654 1719 1206 1761 1569 1553 1178 1638 1235 1602 1656 1075 1381 1403 1874 1397 BCNSPRNW ULIB Ver.6.0+V

เปลี่ยนเป็นภาษาไทย

Change to English
 แสดงรายละเอียดบรรณานุกรม
  กลับหน้าหลัก

Brief Record : Get Marc (ISO 2709) : E-mail record : QR code < ปิดหน้าต่าง
LEADER : 00000nam a2200000Ia 4500
001    13399114564
003     ULIB
008    120321s2554 th a 000 0 tha d
020    ^a9789744176789
050    ^aGV1127.T5^bภ11
110 1  กรมศิลปากร
245 00 ^aภูมิแผ่นดินมรดกไทย :^bพระบาทสมเด็จพระเจ้าอยู่หัวกับการเสด็จพระราชดำเนินแหล่งมรดกไทย /^cกรมศิลปากร ; บรรณาธิการ, อรสรา สายบัว .[และคนอื่น ๆ]
260    ^aกรุงเทพฯ :^bรุ่งศิลป์การพิมพ์,^c2554
300    ^a256 หน้า :^bภาพประกอบสี ;^c30 ซม.
700 0  ^aอรสรา สายบัว,^eบรรณาธิการ
710 2  ^aกรมศิลปากร
945    ^p0^l0^i031646
995    ^aเกษร
999 ^a ใช้งานได้ทุกระบบ
รายการนี้ยังไม่มีแท็ก
คุณยังไม่ได้ล็อกอิน คุณสามารถมีกิจกรรมร่วมกับเว็บไซต์ได้ แต่ต้องล็อกอินก่อน ::
  ล็อกอิน

รายการสื่อสารสนเทศ

ลำดับที่ ประเภท เลขเรียก/บาร์โค้ด สถานที่ สถานะ
- ไม่พบข้อมูล -

BibComment


ยังไม่เคยถูกคอมเมนท์

คอมเมนท์ทรัพยากรรายการนี้
  คอมเมนท์: ภูมิแผ่นดินมรดกไ..


 Copyright 2026. Bcnsprnw @Library